00772cam a2200217 a 450000100100000000500170001000800410002702000150006804000250008308200190010810000470012724501370017426000340031130000210034549000360036650400330040265000210043565000260045670000340048283000380051600001818020200929165405.0890901s1985 sp 000 d spa d a8420725897 aDO-SdBNPbspacBNPHU a862.3bC146vid1 aCalderón de la Barca, Pedro,d1600-1681.13aLa vida es sueño /cP. Calderón de la Barca ; edición, introducción, notas, comentarios y apéndice Ana Suárez Miramón. aMadrid :bGrupo Anaya,c1985. a173 p. ;c17 cm.1 aBiblioteca didáctica Anayav2 aBibliografías: p. 172-173. 4aTeatro español 4aLiteratura española1 aSuárez Miramón, Ana,eed. 0aBiblioteca didáctica Anaya ;v2